[Event "Saratov RSOCF Cup"]
[Site "Saratov"]
[Date "2010.01.20"]
[Round "2"]
[White "Dzivodov, Gennadij"]
[Black "Bryakin, Mikhail"]
[Result "0-1"]
[WhiteElo "2188"]
[BlackElo "1987"]
[PlyCount "162"]
[EventDate "2010.01.19"]
[EventType "swiss"]
[EventRounds "9"]
[EventCountry "RUS"]
[SourceTitle "CBM 134 Extra"]
[Source "ChessBase"]
[SourceDate "2010.03.03"]
[SourceVersion "1"]
[SourceVersionDate "2010.03.03"]
[SourceQuality "1"]

1. e4 c6 2. d4 d5 3. e5 Bf5 4. Nf3 e6 5. Be2 Nd7 6. 0-0 Ne7 7. Nbd2 h6 8. Re1 Nc8 9. Nf1 Be7 10. Ng3 Bg6 11. Bd3 Bxd3 12. Qxd3 0-0 13. Nh5 Re8 14. g4 g6 15. Nf4 Kg7 16. Kh1 c5 17. c3 Ncb6 18. Rg1 Rh8 19. b3 Rc8 20. Bd2 cxd4 21. cxd4 Qc7 22. Rac1 Qb8 23. g5 h5 24. Nh4 Nf8 25. a4 Rxc1 26. Bxc1 Qd8 27. Bd2 Rg8 28. a5 Na8 29. Nf3 Nc7 30. Rc1 Qd7 31. Qc2 Nb5 32. Nd3 Ba3 33. Ra1 Be7 34. Bb4 Bxb4 35. Nxb4 Qc7 36. Qxc7 Nxc7 37. a6 b6 38. Rc1 Nb5 39. Kg2 Nd7 40. Kf1 Ra8 41. Ke2 Kf8 42. Kd3 Ke8 43. Nd2 Kd8 44. Nc6+ Ke8 45. Nb4 Kd8 46. Nb1 Rc8 47. Rg1 Nb8 48. f4 Nc6 49. Nc2 Ne7 50. Ne3 Nc6 51. Nc2 Nc7 52. Nc3 Nxa6 53. Ra1 Nab4+ 54. Nxb4 Nxb4+ 55. Kd2 a5 56. h4 Kd7 57. Rc1 Rc7 58. Ra1 Kc6 59. Rc1 Kb7 60. Re1 Ka6 61. f5 gxf5 62. Rg1 Nc6 63. g6 fxg6 64. Rxg6 Nxd4 65. Kd3 Nxb3 66. Rh6 Rg7 67. Rxh5 Rg3+ 68. Kc2 Nd4+ 69. Kb2 Rg2+ 70. Kb1 b5 71. Rg5 Rh2 72. Rg6 Rxh4 73. Nxd5 Kb7 74. Ne7 b4 75. Rg7 Kb6 76. Nc8+ Kc5 77. Ra7 Kc4 78. Rxa5 Kb3 79. Kc1 Rh1+ 80. Kd2 Kb2 81. Nd6 Nb3+ 0-1

[Event "Saratov op"]
[Site "Saratov"]
[Date "2008.12.20"]
[Round "8"]
[White "Dzivodov, Gennadij"]
[Black "Ledenev, Gennadiy"]
[Result "1-0"]
[WhiteElo "2249"]
[BlackElo "1811"]
[PlyCount "75"]
[EventDate "2008.12.13"]
[EventType "swiss"]
[EventRounds "9"]
[EventCountry "RUS"]
[SourceTitle "EXT 2010"]
[Source "ChessBase"]
[SourceDate "2010.11.25"]
[SourceVersion "1"]
[SourceVersionDate "2010.11.25"]
[SourceQuality "1"]

1. e4 g6 2. d4 d6 3. Nf3 Bg4 4. h3 Bxf3 5. Qxf3 c6 6. Bc4 e6 7. 0-0 Bg7 8. c3 Nd7 9. Bb3 Ne7 10. Bf4 d5 11. Nd2 0-0 12. Bd6 Re8 13. Rfe1 Nc8 14. Ba3 b5 15. exd5 exd5 16. Rxe8+ Qxe8 17. Kf1 Nf6 18. Re1 Qd7 19. Qf4 Nb6 20. Re7 Qd8 21. Qc7 Qxc7 22. Rxc7 Bh6 23. Nf3 Ne4 24. Rxc6 Nc4 25. Bxc4 bxc4 26. Rc7 Bc1 27. Rb7 a6 28. Ne5 Nxc3 29. bxc3 Bxa3 30. Nxf7 Bc1 31. Ke1 Re8+ 32. Kd1 Bf4 33. g3 Bb8 34. Nh6+ Kh8 35. Ng4 Rf8 36. Ne3 Rd8 37. Nxd5 Bxg3 38. Nf6 1-0

[Event "Saratov op"]
[Site "Saratov"]
[Date "2008.12.15"]
[Round "3"]
[White "Kabulov, Kamil"]
[Black "Dzivodov, Gennadij"]
[Result "1/2-1/2"]
[WhiteElo "2009"]
[BlackElo "2249"]
[PlyCount "158"]
[EventDate "2008.12.13"]
[EventType "swiss"]
[EventRounds "9"]
[EventCountry "RUS"]
[SourceTitle "EXT 2010"]
[Source "ChessBase"]
[SourceDate "2010.11.25"]
[SourceVersion "1"]
[SourceVersionDate "2010.11.25"]
[SourceQuality "1"]

1. e4 e5 2. Nf3 Nc6 3. Bc4 Nf6 4. Ng5 d5 5. exd5 Na5 6. Bb5+ c6 7. dxc6 bxc6 8. Be2 h6 9. Nf3 e4 10. Ne5 Bd6 11. d4 exd3 12. Nxd3 Qc7 13. h3 0-0 14. Nd2 c5 15. 0-0 c4 16. Ne1 Bb7 17. Bf3 Rad8 18. Bxb7 Qxb7 19. Qf3 Qc7 20. Ne4 Nxe4 21. Qxe4 Rfe8 22. Qg4 Kh8 23. Be3 Be5 24. Rb1 a6 25. Nf3 Bf6 26. Qf5 Re6 27. Bf4 Qb6 28. b3 c3 29. Rfe1 Rxe1+ 30. Rxe1 Nb7 31. Be5 Nd6 32. Qf4 Bxe5 33. Qxe5 Nb5 34. a4 f6 35. Qh5 Nd6 36. Nh4 Qd4 37. Nf3 Qb4 38. Qg6 Qc5 39. Qd3 Nf7 40. Qxa6 Ne5 41. Nxe5 fxe5 42. Qb5 Qd4 43. Qxe5 Qxe5 44. Rxe5 Rd2 45. Rc5 Rxc2 46. a5 Ra2 47. Rxc3 Rxa5 48. Kh2 Ra2 49. Kg3 Rb2 50. Rc8+ Kh7 51. Rb8 g5 52. Rb6 Kg7 53. Kf3 Kf7 54. Ke3 h5 55. g3 Rb1 56. Ke4 Rb2 57. f4 Rh2 58. fxg5 Rxh3 59. Kf4 Kg7 60. b4 Rh1 61. b5 Rf1+ 62. Ke3 Re1+ 63. Kf2 Re5 64. g6 Rc5 65. Ke3 Kh6 66. Ke4 Rg5 67. Kf4 Rg4+ 68. Kf3 Rb4 69. Rb8 Kxg6 70. b6 Kg7 71. b7 Kh7 72. Ke3 Kg7 73. Kd3 Kh7 74. Kc3 Rb1 75. Kd4 Kg7 76. Ke5 Re1+ 77. Kf5 Rb1 78. Kg5 Rb5+ 79. Kh4 Kh7 1/2-1/2

[Event "Saratov Rating 10"]
[Site "Saratov"]
[Date "2008.10.30"]
[Round "7"]
[White "Dzivodov, Gennadij"]
[Black "Korchmar, Vasiliy"]
[Result "0-1"]
[WhiteElo "2249"]
[BlackElo "2078"]
[PlyCount "94"]
[EventDate "2008.10.23"]
[EventType "tourn"]
[EventRounds "11"]
[EventCountry "RUS"]
[SourceTitle "EXT 2022"]
[Source "ChessBase"]
[SourceDate "2021.10.06"]
[SourceVersion "1"]
[SourceVersionDate "2021.10.06"]
[SourceQuality "1"]

1. e4 c6 2. d4 d5 3. e5 Bf5 4. Nd2 e6 5. Nb3 Nd7 6. Be3 Bb4+ 7. c3 Ba5 8. Bd3 Bxd3 9. Qxd3 Bc7 10. Nf3 h6 11. 0-0 Ne7 12. Nh4 g5 13. Nf3 Ng6 14. h3 f5 15. exf6 Qxf6 16. Rae1 0-0-0 17. c4 Rhg8 18. Qe2 g4 19. hxg4 Nf4 20. Bxf4 Qxf4 21. Qxe6 Rxg4 22. Re3 Rdg8 23. Kh1 Rxg2 24. Qh3 Rxf2 25. Rxf2 Qxe3 26. Rg2 Rxg2 27. Qxg2 Nf6 28. cxd5 cxd5 29. Qh3+ Kb8 30. Qf5 Qf4 31. Qxf4 Bxf4 32. Kg2 b6 33. Ne5 Bxe5 34. dxe5 Ng4 35. e6 Kc7 36. Kg3 Nf6 37. Kf4 Kd6 38. Nd4 a6 39. b4 h5 40. Kg5 Ne8 41. Kxh5 Ng7+ 42. Kg4 Nxe6 43. Nb3 Ke5 44. a4 Ke4 45. a5 b5 46. Nc5+ Nxc5 47. bxc5 Ke5 0-1

[Event "Saratov-ch op"]
[Site "Saratov"]
[Date "2008.03.19"]
[Round "8"]
[White "Dzivodov, Gennadij"]
[Black "Fedorova, Tatiana"]
[Result "1-0"]
[WhiteElo "2243"]
[BlackElo "1952"]
[PlyCount "69"]
[EventDate "2008.03.11"]
[EventType "swiss"]
[EventRounds "9"]
[EventCountry "RUS"]
[SourceTitle "EXT 2022"]
[Source "ChessBase"]
[SourceDate "2021.10.06"]
[SourceVersion "1"]
[SourceVersionDate "2021.10.06"]
[SourceQuality "1"]

1. e4 c5 2. Nf3 Nc6 3. d4 cxd4 4. Nxd4 e5 5. Nb5 d6 6. c4 a6 7. N5c3 f5 8. Bd3 f4 9. g3 fxg3 10. hxg3 Nf6 11. Nd5 Be7 12. Be3 Ng4 13. Bb6 Qd7 14. Nc7+ Kf7 15. Nxa8 Bd8 16. Nc3 Rf8 17. Be2 Nf6 18. c5 Nd4 19. Bxd8 Qxd8 20. Nb6 dxc5 21. Nxc8 Qxc8 22. Bc4+ Ke8 23. Be2 b5 24. Rh4 g5 25. Rh6 Nxe2 26. Qxe2 Ng4 27. Rxh7 c4 28. 0-0-0 b4 29. Nd5 Rf7 30. Rh8+ Rf8 31. Rxf8+ Kxf8 32. Rh1 Kg7 33. Ne7 Qe6 34. Nf5+ Kg8 35. Qxg4 1-0

[Event "Saratov-ch op"]
[Site "Saratov"]
[Date "2008.03.12"]
[Round "2"]
[White "Dzivodov, Gennadij"]
[Black "Kovalenko, Vladimir"]
[Result "1-0"]
[WhiteElo "2243"]
[BlackElo "2198"]
[PlyCount "75"]
[EventDate "2008.03.11"]
[EventType "swiss"]
[EventRounds "9"]
[EventCountry "RUS"]
[SourceTitle "EXT 2022"]
[Source "ChessBase"]
[SourceDate "2021.10.06"]
[SourceVersion "1"]
[SourceVersionDate "2021.10.06"]
[SourceQuality "1"]

1. e4 e5 2. Nf3 Nc6 3. d4 exd4 4. Bc4 Nf6 5. e5 d5 6. Bb5 Nd7 7. 0-0 Be7 8. Re1 0-0 9. Bxc6 bxc6 10. Nxd4 Bc5 11. Nxc6 Qh4 12. Be3 Qc4 13. Bxc5 Qxc5 14. Qxd5 Qxc2 15. Ne7+ Kh8 16. Qxa8 Qxb2 17. Nxc8 Qxa1 18. Qc6 Nxe5 19. Qc3 Qxc3 20. Nxc3 Re8 21. Kf1 Rxc8 22. Rxe5 Kg8 23. Ra5 g6 24. Rxa7 c6 25. a4 Rb8 26. Rc7 Rb6 27. Ke2 Rb2+ 28. Ke3 Rb6 29. Kd4 Rb4+ 30. Kc5 Rb3 31. Kc4 Rb2 32. a5 Rxf2 33. a6 Rf4+ 34. Kb3 Rd4 35. Rc8+ Kg7 36. a7 c5 37. a8Q Rb4+ 38. Kc2 1-0

[Event "Saratov-ch"]
[Site "Saratov"]
[Date "2007.03.09"]
[Round "7"]
[White "Shlegin, Stanislav"]
[Black "Dzivodov, Gennadij"]
[Result "1/2-1/2"]
[WhiteElo "2185"]
[BlackElo "2275"]
[PlyCount "55"]
[EventDate "2007.03.01"]
[EventType "swiss"]
[EventRounds "9"]
[EventCountry "RUS"]
[SourceTitle "EXT 2008"]
[Source "ChessBase"]
[SourceDate "2007.11.25"]
[SourceVersion "1"]
[SourceVersionDate "2007.11.25"]
[SourceQuality "1"]

1. d4 Nf6 2. Nc3 g6 3. e4 d6 4. Be3 Bg7 5. Qd2 0-0 6. f3 c6 7. Bh6 b5 8. h4 Kh8 9. Bxg7+ Kxg7 10. h5 Ng8 11. g4 Nd7 12. 0-0-0 Re8 13. e5 b4 14. Ne4 Qa5 15. hxg6 fxg6 16. Ng5 Nf8 17. Qf4 Qxa2 18. d5 Nf6 19. exf6+ exf6 20. Ne4 Qa1+ 21. Kd2 Qxb2 22. Bc4 Qd4+ 23. Kc1 Qa1+ 24. Kd2 Qd4+ 25. Bd3 cxd5 26. Ne2 Qe5 27. Nxd6 Rd8 28. Nxc8 1/2-1/2

[Event "Saratov-ch"]
[Site "Saratov"]
[Date "2007.03.05"]
[Round "4"]
[White "Shenin, Andrey"]
[Black "Dzivodov, Gennadij"]
[Result "0-1"]
[WhiteElo "2237"]
[BlackElo "2275"]
[PlyCount "64"]
[EventDate "2007.03.01"]
[EventType "swiss"]
[EventRounds "9"]
[EventCountry "RUS"]
[SourceTitle "EXT 2008"]
[Source "ChessBase"]
[SourceDate "2007.11.25"]
[SourceVersion "1"]
[SourceVersionDate "2007.11.25"]
[SourceQuality "1"]

1. e4 e5 2. Nf3 Nc6 3. d4 exd4 4. Nxd4 Qh4 5. Nc3 Bb4 6. Ndb5 Ba5 7. Bd3 a6 8. Na3 Bxc3+ 9. bxc3 Nf6 10. 0-0 0-0 11. f3 d6 12. Nc4 Qh5 13. Be3 d5 14. Nd2 Be6 15. g4 Qe5 16. g5 dxe4 17. f4 Qf5 18. gxf6 exd3 19. cxd3 Qxd3 20. Qf3 Rfe8 21. Rae1 Qg6+ 22. Qg3 Qxg3+ 23. hxg3 Bxa2 24. fxg7 Kxg7 25. f5 f6 26. Rf4 Bf7 27. Ne4 h5 28. g4 Ne5 29. gxh5 Bxh5 30. Ng3 Nf3+ 31. Kf1 Nxe1 32. Nxh5+ Kf7 0-1

[Event "Saratov Aratovsky Memorial 6th"]
[Site "Saratov"]
[Date "2006.12.05"]
[Round "9"]
[White "Dzivodov, Gennadij"]
[Black "Korchmar, Arkady"]
[Result "1-0"]
[WhiteElo "2280"]
[BlackElo "2103"]
[PlyCount "59"]
[EventDate "2006.11.27"]
[EventType "swiss"]
[EventRounds "9"]
[EventCountry "RUS"]
[SourceTitle "EXT 2008"]
[Source "ChessBase"]
[SourceDate "2007.11.25"]
[SourceVersion "1"]
[SourceVersionDate "2007.11.25"]
[SourceQuality "1"]

1. e4 c5 2. Nf3 Nc6 3. d4 cxd4 4. Nxd4 Nf6 5. Nc3 d6 6. Be2 e6 7. 0-0 Be7 8. Be3 0-0 9. f4 Bd7 10. Kh1 Nxd4 11. Bxd4 Bc6 12. Bf3 Qc7 13. Qd2 Rfd8 14. Qf2 b6 15. Qg3 Ne8 16. Rad1 b5 17. Nb1 b4 18. c3 Qb7 19. Nd2 d5 20. e5 a5 21. Bg4 bxc3 22. bxc3 Qb2 23. f5 Nc7 24. f6 Bf8 25. fxg7 Ba3 26. Bh5 Be8 27. Nf3 Be7 28. Rd2 Qa3 29. Rdf2 Rab8 30. Nd2 1-0

[Event "Saratov Aratovsky Memorial 6th"]
[Site "Saratov"]
[Date "2006.12.01"]
[Round "5"]
[White "Dzivodov, Gennadij"]
[Black "Glazkov, Arseny"]
[Result "1-0"]
[WhiteElo "2280"]
[BlackElo "2039"]
[PlyCount "99"]
[EventDate "2006.11.27"]
[EventType "swiss"]
[EventRounds "9"]
[EventCountry "RUS"]
[SourceTitle "EXT 2008"]
[Source "ChessBase"]
[SourceDate "2007.11.25"]
[SourceVersion "1"]
[SourceVersionDate "2007.11.25"]
[SourceQuality "1"]

1. e4 c5 2. Nf3 Nc6 3. d4 cxd4 4. Nxd4 e6 5. c4 Be7 6. Be2 Nf6 7. Nc3 d6 8. 0-0 0-0 9. Nc2 b6 10. f3 Bb7 11. Be3 Rc8 12. Qd2 Ne5 13. Qd4 Qc7 14. Nb5 Qb8 15. Rfd1 d5 16. exd5 exd5 17. b3 dxc4 18. bxc4 Bc5 19. Qc3 Bxe3+ 20. Nxe3 Rc5 21. Nd6 Ba6 22. Rd2 Qc7 23. Qa3 Ra5 24. Qb4 Qc5 25. Qxc5 Rxc5 26. Rad1 h6 27. Kf2 Rd8 28. h4 Rd7 29. Ke1 Rdc7 30. f4 Ng6 31. g3 Ne7 32. g4 Nc8 33. g5 hxg5 34. hxg5 Nxd6 35. Rxd6 Ne8 36. Rd8 Rc8 37. Bg4 Rxd8 38. Rxd8 Kf8 39. Nd5 Rxc4 40. Bd7 Re4+ 41. Kd2 Re2+ 42. Kc3 Bb7 43. Nc7 Re3+ 44. Kd2 Ke7 45. Rxe8+ Kxd7 46. Rxe3 Kxc7 47. Re7+ Kb8 48. Rxf7 g6 49. f5 gxf5 50. g6 1-0